Countries With the Most Deaths In the 2004 Tsunami - Statistics

General Stats
  • This quiz has been taken 47 times
  • The average score is 11 of 14
Answer Stats
Deaths Answer % Correct
167,540 Indonesia
100%
35,322 Sri Lanka
98%
16,269 India
93%
75 Malaysia
90%
8,212 Thailand
90%
108 Maldives
88%
2 Bangladesh
85%
61 Myanmar
85%
1 Kenya
63%
289 Somalia
61%
13 Tanzania
56%
2 Seychelles
54%
2 Yemen
51%
2 South Africa
46%
No matching quizzes found
Score Distribution
Percent of People with Each Score
Percentile by Number Answered
Your Score History
You have not taken this quiz